header

Buffy, ballads, and bad guys who sing (Record no. 235635)

MARC details
000 -LEADER
fixed length control field 01434nam a2200349Ia 4500
082 04 - DEWEY DECIMAL CLASSIFICATION NUMBER
Classification number 791.4502/33092
245 00 - TITLE STATEMENT
Title Buffy, ballads, and bad guys who sing
260 ## - PUBLICATION, DISTRIBUTION, ETC. (IMPRINT)
Place of publication Lanham, Md. :
Name of publisher Scarecrow Press,
Year of publication 2010.
300 ## - PHYSICAL DESCRIPTION
Number of Pages xxi, 308 p.
650 #0 - SUBJECT ADDED ENTRY--TOPICAL TERM
Topical Term Television music
700 1# - ADDED ENTRY--PERSONAL NAME
Personal name Leonard, Kendra Preston.
856 40 - ELECTRONIC LOCATION AND ACCESS
Uniform Resource Identifier http://site.ebrary.com/lib/rucke/Doc?id=10434991

No items available.

© 2026 Rongo University
Contact us: librarian | system librarian | Rongo university